000 00529nam a2200217Ia 4500
003 OSt
005 20220928141029.0
006 a|||||r|||| 00| 0
007 ta
008 220927b |||||||| |||| 00| 0 eng d
024 _a13001
037 _cTextual
040 _aSDCL
_cSDCL
_beng
041 _2eng
_aeng
082 _aO-,6:g(Y), L0
100 _aElliot Robert C
_9498584
245 0 _aShape of Utopia.
260 _c1970
942 _hO-,6:g(Y), L0
_cTEXL
_2CC
999 _c815410
_d815410